| 000 | 00538nam a2200193Ia 4500 | ||
|---|---|---|---|
| 003 | IN-BaIIA | ||
| 008 | 211028s9999 xx 000 0 eng d | ||
| 040 | _cIIA Library | ||
| 080 |
_a539.18 _bOFF |
||
| 100 |
_aOffenhartz, Peter O'D _96849 |
||
| 245 | 0 |
_aAtomic and molecular orbital theory _cPeter O'D, Offenhartz |
|
| 260 |
_aNew York _bMcGraw-Hill _c1970 |
||
| 300 | _axiii, 369p. | ||
| 650 |
_aAtomic physics _91547 |
||
| 650 |
_aMolecular physics _91914 |
||
| 650 | _aNASA thesaurus | ||
| 650 |
_aOrbital theory _96850 |
||
| 942 | _cBK | ||
| 999 |
_c3850 _d3850 |
||